| 000 | 00553nam a2200145 4500 | ||
|---|---|---|---|
| 008 | 160427b xxu||||| |||| 00| 0 eng d | ||
| 082 |
_2Dec.2011-Nov.2012 _aDPer 641.05 _bF73 |
||
| 245 |
_aF & B world: _bMake a living with food. |
||
| 246 |
_aFood and Beverages world: _bMake a living with food. |
||
| 260 |
_aMakati City, Philippines: _bHinge Inquirer Publications, Inc., _ccDec.2011-Nov.2012 |
||
| 300 |
_avarious paging: _bcolor illustrations; _c28 cm. |
||
| 650 | 0 |
_922913 _aFood _vPeriodicals |
|
| 650 | 0 |
_922914 _aBeverages _vPeriodicals |
|
| 942 |
_2ddc _cPER |
||
| 999 |
_c7579 _d7579 |
||